Talbees iblees (Record no. 582074)

000 -LEADER
fixed length control field 00452nam a22001697a 4500
003 - CONTROL NUMBER IDENTIFIER
control field CEME
005 - DATE AND TIME OF LATEST TRANSACTION
control field 20210628205714.0
008 - FIXED-LENGTH DATA ELEMENTS--GENERAL INFORMATION
fixed length control field 210315b xxu||||| |||| 00| 0 eng d
040 ## - CATALOGING SOURCE
Transcribing agency .
082 ## - DEWEY DECIMAL CLASSIFICATION NUMBER
Classification number 297.216 JWZ
100 ## - MAIN ENTRY--PERSONAL NAME
Personal name Abdul Rahman Jozi. Allama Jozi, Allama Abdul Rahman
9 (RLIN) 76735
245 ## - TITLE STATEMENT
Title Talbees iblees
260 ## - PUBLICATION, DISTRIBUTION, ETC.
Place of publication, distribution, etc. KARACHI
Name of publisher, distributor, etc. DARA-UL-ISHAAT
Date of publication, distribution, etc. 1995
300 ## - PHYSICAL DESCRIPTION
Extent 438P
650 ## - SUBJECT ADDED ENTRY--TOPICAL TERM
Topical term or geographic name entry element ISLAM-TEACHING-TALBEES IBLEES
9 (RLIN) 76736
942 ## - ADDED ENTRY ELEMENTS (KOHA)
Koha item type Book
Source of classification or shelving scheme
Holdings
Withdrawn status Lost status Damaged status Not for loan Permanent Location Current Location Shelving location Date acquired Total Checkouts Full call number Barcode Date last seen Price effective from Koha item type
        College of Electrical & Mechanical Engineering (CEME) College of Electrical & Mechanical Engineering (CEME) General Stacks 06/01/2017   297.216 JWZ CEME-32594 06/28/2021 06/28/2021 Book
© 2023 Central Library, National University of Sciences and Technology. All Rights Reserved.